| 000 | 00877nam a2200289Ia 4500 | ||
|---|---|---|---|
| 001 | Para_2611 | ||
| 003 | CHAP | ||
| 008 | 220125s1905 xx 000 0 und d | ||
| 010 | _a201163 | ||
| 020 | _aM/BAJA | ||
| 040 | _cCHAP | ||
| 082 | _aPA-C 634.31 L45 | ||
| 100 |
_aLelong, B. M. _965930 |
||
| 245 |
_aCultivo y plagas del naranjo / _c B. M. Lelong -et.al.- |
||
| 260 |
_aMéxico : _b Comisión de Parasitología Agrícola |
||
| 300 | _aV | ||
| 440 |
_aBoletìn de la Comisión de Parasitología Agrícola 3 (1) _913533 |
||
| 500 | _aEncuadernado con otros impresos similares | ||
| 650 |
_aNaranja _x California Naranja _x Rendimiento Naranja _x Plagas _9166029 |
||
| 901 | _aPA-C 634.31 L45 | ||
| 902 | _aM | ||
| 905 | _a0000001905 mx 0000000000 00 | ||
| 910 | _a1905 | ||
| 942 | _cPARA | ||
| 942 |
_cPARA _d1 |
||
| 999 |
_c201163 _d201163 |
||